Gestão educacional : (Record no. 923)

MARC details
000 -LÍDER
Campo Fixo de Controle 01000nam a2200277 a 4500
001 - NÚMERO DE CONTROLE
Campo de Controle 923
003 - IDENTIFICAÇÃO DO NÚMERO DE CONTROLE
Campo de Controle BR-CuiBMT
005 - DATA E HORA DA ÚLTIMA ATUALIZAÇÃO
Campo de Controle 20231123013844.0
008 - DADOS FIXOS
Dados Fixos 231122s2016 prba 000 0 por d
020 ## - INTERNATIONAL STANDARD BOOK NUMBER
Nº do ISBN 9788547300609
040 ## - AGÊNCIA CATALOGADORA
Código da Agência Catalogadora BR-CuiBMT
Agência que transcreveu o registro BR-CuiBMT
080 ## - Nº DA CLASSIFICAÇÃO DECIMAL UNIVERSAL
Nº edição CDU 2007
Nº Class. CDU 37.091:005
090 ## - NÚMERO DE CHAMADA
Nº classificação 37.091:005
Cutter G393
245 00 - TÍTULO PRINCIPAL
Título principal Gestão educacional :
Subtítulo sistemas e conselhos municipais de educação /
Indicação de responsabilidade Bartolomeu José Ribeiro de Sousa, Regina Aparecida da Silva, Sandra Regina Geiss Lorensini [org.].
260 ## - PUBLICAÇÃO, DISTRIBUIÇÃO, ETC.
Local de publicação Curitiba :
Editora Appris,
Data 2016.
300 ## - DESCRIÇÃO FÍSICA
N. páginas ou volumes 183 p. :
Ilustrações il. ;
Dimensões 22 cm
500 ## - NOTAS GERAIS
Notas gerais Vários autores.
504 ## - NOTA DE BIBLIOGRAFIA, ETC.
Nota de bibliografia Inclui bibliografia.
650 ## - ASSUNTO TÓPICO
Cabeçalho tópico ou nome geográfico Gestão educacional
650 ## - ASSUNTO TÓPICO
Cabeçalho tópico ou nome geográfico Escola públicas
Subdivisão de forma Organização e administração
650 ## - ASSUNTO TÓPICO
Cabeçalho tópico ou nome geográfico Ambiente educacional
Subdivisão geral Organização e administração
700 1# - ENTRADA SECUNDÁRIA -- NOME PESSOAL
Nome pessoal Sousa, Bartolomeu José Ribeiro de
Cód. do termo explicativo org.
700 1# - ENTRADA SECUNDÁRIA -- NOME PESSOAL
Nome pessoal Silva, Regina Aparecida da
Cód. do termo explicativo org.
700 1# - ENTRADA SECUNDÁRIA -- NOME PESSOAL
Nome pessoal Lorensini, Sandra Regina Geiss
Cód. do termo explicativo org.
942 ## - ELEMENTOS DE ENTRADA ADICIONAIS (KOHA)
Fonte de classificação ou esquema de arquivamento Classificação Decimal Universal
Tipo de item do Koha Livros
Holdings
Estado: removido Estado: perdido Fonte de classificação ou esquema de arquivamento Estado: danificado Indisponível para empréstimo Localização permanente Localização atual Data de aquisição Total Checkouts Número de Chamada completo Código de barras Date last seen Número do exemplar Preço efetivo a partir de Tipo de item (Koha)
    Classificação Decimal Universal     Biblioteca da Escola Superior de Contas do TCE/MT Biblioteca da Escola Superior de Contas do TCE/MT 23/11/2023   37.091:005 G393 BIBTCEMT23110918 23/11/2023 Ex. 1 23/11/2023 Livros

Powered by Koha